01454nam a2200205 a 4500008004100000041000800041092001700049100002900066245004400095250001100139260003800150300002200188500008300210505064700293590005100940655001700991942001301008999001501021952021201036161215t2004 ag |||g |||| 001 f spa d aspa c863l29sGUI1 aGuiraldes, Ricardo93207 aDon Segundo Sombra /cRicardo Guiraldes a1a ed. aBuenos Aires:bLongseller;c2004. a320 p.c18x11 cm. aGuiraldes, R. (2004). Don Segundo Sombra. (1a ed.). Buenos Aires : Longseller. aDon Segundo Sombra, el gaucho y su mundo, se asocian fácilmente con la idea del campo como espacio de concreción de una vida natural y sana, diferente de la que se desarrolla en la selva urbana. Don Segundo Sombra puede leerse en clave biográfica y también como novela de aprendizaje. Un muchacho de la ciudad, huérfano, se desvincula de su pueblo para seguir a Don Segundo; aprender a arrear y a domar caballos; participa del fogón, la riña de gallos, los bailes y hasta de un duelo. Las andanzas y la amistad entre un hombre maduro y un joven se plasman en esta novela considerada la obra maestra de la tradición gauchesca.  aProyecto Literatura 4to libro. Eugenia Paredes aNovela93091 2ddccLIT c2369d2369 00102ddc40708FICaBFMbBFMcCRd2017-03-02eDonacion Eugenia Paredes, Marzo 2017l4m3o863 29 GUIp3828r2023-07-31s2023-06-06tEj.1w2017-03-02yLITzProyecto el 4to libro. Donación Paredes, Eugenia